| Tag |
First Indicator |
Second Indicator |
Subfields |
| LEADER |
00000cam a22000001 4500 |
| 001 |
in00000201601 |
| 005 |
20230831094527.0 |
| 007 |
ta |
| 008 |
760802s1966 nyu b 001 0 eng |
| 010 |
|
|
|a 66014516
|
| 016 |
7 |
|
|a 000607946
|2 Uk
|
| 016 |
7 |
|
|a 011529937
|2 Uk
|
| 019 |
|
|
|a 510187
|a 6204480
|a 1080814812
|a 1087135978
|a 1160943887
|a 1167205970
|
| 029 |
1 |
|
|a AU@
|b 000001096868
|
| 029 |
1 |
|
|a AU@
|b 000045084155
|
| 029 |
1 |
|
|a AU@
|b 000057743991
|
| 029 |
1 |
|
|a DEBBG
|b BV007177355
|
| 029 |
1 |
|
|a GBVCP
|b 127722718
|
| 029 |
1 |
|
|a HEBIS
|b 118279114
|
| 029 |
1 |
|
|a NZ1
|b 4448141
|
| 029 |
1 |
|
|a NZ1
|b 627401
|
| 029 |
1 |
|
|a UKMGB
|b 011529937
|
| 029 |
1 |
|
|a ZWZ
|b 024898155
|
| 029 |
1 |
|
|a UKMGB
|b 000607946
|
| 035 |
|
|
|a (OCoLC)ocm08989438
|
| 035 |
|
|
|a (OCoLC)8989438
|z (OCoLC)510187
|z (OCoLC)6204480
|z (OCoLC)1080814812
|z (OCoLC)1087135978
|z (OCoLC)1160943887
|z (OCoLC)1167205970
|
| 035 |
|
|
|a (OCoLC)ocm08989438
|
| 040 |
|
|
|a DLC
|b eng
|c CMC
|d DLC
|d BTCTA
|d OCLCG
|d HIL
|d ZWZ
|d DEBBG
|d UKMGB
|d GBVCP
|d OCLCF
|d OCLCO
|d OCLCQ
|d OCLCO
|d OCLCQ
|d UX0
|d CPO
|d OCLCQ
|d UKUOY
|d DCHUA
|d U3G
|d OCLCQ
|d OCLCO
|d NAM
|d OCLCO
|d OCLCA
|d OCLCQ
|
| 043 |
|
|
|a n-us---
|a n-us-ny
|
| 050 |
0 |
0 |
|a KFX2010
|b .C3
|
| 050 |
1 |
4 |
|a KFN5076.5.A2
|b C3
|
| 082 |
0 |
0 |
|a 174.3097471
|
| 084 |
|
|
|a KL82.G1
|b C375 1966
|2 moys
|
| 084 |
|
|
|a MS 6850
|2 rvk
|
| 100 |
1 |
|
|a Carlin, Jerome,
|d 1927-2014.
|
| 245 |
1 |
0 |
|a Lawyers' ethics; a survey of the New York City Bar,
|c by Jerome E. Carlin.
|
| 260 |
|
|
|a New York :
|b Russell Sage Foundation,
|c 1966.
|
| 300 |
|
|
|a xxix, 267 pages ;
|c 24 cm
|
| 336 |
|
|
|a text
|b txt
|2 rdacontent
|
| 337 |
|
|
|a unmediated
|b n
|2 rdamedia
|
| 338 |
|
|
|a volume
|b nc
|2 rdacarrier
|
| 504 |
|
|
|a Includes bibliographical references and index.
|
| 650 |
|
0 |
|a Lawyers
|z New York (State)
|z New York.
|
| 650 |
|
0 |
|a Legal ethics
|z United States.
|
| 650 |
|
7 |
|a Lawyers.
|2 fast
|0 (OCoLC)fst00994346
|
| 650 |
|
7 |
|a Legal ethics.
|2 fast
|0 (OCoLC)fst00995475
|
| 651 |
|
7 |
|a New York (State)
|z New York.
|2 fast
|0 (OCoLC)fst01204333
|
| 651 |
|
7 |
|a United States.
|2 fast
|0 (OCoLC)fst01204155
|
| 653 |
|
0 |
|a Lawyers
|a New York (State)
|a New York
|
| 653 |
|
0 |
|a Legal ethics
|a United States
|
| 776 |
0 |
8 |
|i Online version:
|a Carlin, Jerome, 1927-
|t Lawyers' ethics; a survey of the New York City Bar.
|d New York, Russell Sage Foundation, 1966
|w (OCoLC)580280027
|
| 776 |
0 |
8 |
|i Online version:
|a Carlin, Jerome, 1927-
|t Lawyers' ethics; a survey of the New York City Bar.
|d New York, Russell Sage Foundation, 1966
|w (OCoLC)632057363
|
| 938 |
|
|
|a Baker and Taylor
|b BTCP
|n 66014516 //r963
|
| 948 |
|
|
|h HELD BY TXA - 623 OTHER HOLDINGS
|
| 994 |
|
|
|a Z0
|b TXA
|
| 999 |
f |
f |
|s f578a30c-2844-3604-bd35-b401c732679e
|i b6ba426e-f565-35e0-b78d-d168c2aa4507
|t 0
|
| 952 |
f |
f |
|p ric
|a Texas A&M University
|b Rellis Campus
|c Joint Library Facility
|d Remote Storage
|t 0
|e KFX2010 .C3
|h Library of Congress classification
|i unmediated -- volume
|m A14803207543
|
| 998 |
f |
f |
|a KFX2010 .C3
|t 0
|l Remote Storage
|